| 000 | 01463cam a2200265 4500 | ||
|---|---|---|---|
| 001 | L135758 | ||
| 002 | 16396 | ||
| 008 | 061208n2006 000 0 eng u | ||
| 020 |
_a1859462405 _a9781859462409 |
||
| 035 | _a(Sirsi) u135758 | ||
| 041 | 0 | _aeng | |
| 050 | 0 | 4 | _a692.8 $2 18 |
| 245 | 0 | 0 |
_aSBC05 contract adminstration guide _bcompleting the contract and administration guide |
| 260 |
_aLondon _bRIBA Publications _c2006 |
||
| 300 |
_a56p. _c30cm. |
||
| 350 | _a20 | ||
| 505 | 2 | _aPreparing and completing the form of contract -- Recitals -- Articles -- Contract particulars -- The RIBA contract administration forms -- Clerk of works direction -- Architects contract administrator's instruction -- Interim certificate -- Statement of retention -- Statement of partial possession by the employer -- Notification of revision to completion date -- Non-completion certificate -- Practical completion certificate -- Section completion certificate -- Certificate of making good -- Final certificate | |
| 520 | _aIntended to accompany the range of contract administration forms for the JCT 2005 main contracts. Offers guidance on filling in articles, recitals and contracts, and includes worked examples and checklists. | ||
| 590 | _aKA | ||
| 650 | 2 | 4 | _aJOINT CONTRACTS TRIBUNAL |
| 651 | 4 |
_aUnited Kingdom _y |
|
| 690 | _aBUILT ENVIRONMENT-BUILDING CONTRACT FORMS-STANDARD FORMS OF BUILDING CONTRACT | ||
| 700 | 1 |
_aChappell, David _eEditor |
|
| 942 | _n0 | ||
| 999 |
_c106191 _d106191 |
||